| 000 | 00386 a2200157 4500 | ||
|---|---|---|---|
| 001 | 47283 | ||
| 020 | _a852940243x | ||
| 040 | _cAnchieta - Aquarius | ||
| 100 | _aCATELAN, Álvaro | ||
| 240 | 1 | 0 |
_a= Contos comentados de Machado de Assis _lpor |
| 245 | 1 | 0 | _a= Contos comentados de Machado de Assis |
| 300 | _a129p. | ||
| 362 | 0 | _a2002 | |
| 650 | 4 | _aLiteratura brasileira | |
| 942 | _cBK | ||
| 999 |
_c47283 _d47283 |
||